[Event "Charleroi TIPC op 12th"]
[Site "Charleroi"]
[Date "2013.07.31"]
[Round "6"]
[White "Remy, Joel"]
[Black "Charlier, Laurent"]
[Result "1-0"]
[WhiteElo "2068"]
[BlackElo "1881"]
[PlyCount "43"]
[EventDate "2013.07.27"]
[EventType "swiss"]
[EventRounds "9"]
[EventCountry "BEL"]
[SourceTitle "EXT 2018"]
[Source "ChessBase"]
[SourceDate "2017.10.13"]
[SourceVersion "1"]
[SourceVersionDate "2017.10.13"]
[SourceQuality "1"]

1. d4 Nf6 2. Nf3 c5 3. d5 e6 4. c4 b5 5. dxe6 fxe6 6. cxb5 d5 7. Bf4 Qa5+ 8. Qd2 Qxb5 9. e4 Qb6 10. exd5 exd5 11. Nc3 Bb7 12. Bb5+ Nbd7 13. Bxd7+ Kxd7 14. Ne5+ Kc8 15. 0-0 Bd6 16. Qd3 g6 17. Nb5 Bb8 18. Qh3+ Kd8 19. Nf7+ Ke8 20. Nbd6+ Kf8 21. Bh6+ Kg8 22. Qe6 1-0

[Event "BEL-ch op"]
[Site "Namur"]
[Date "2009.07.11"]
[Round "8"]
[White "Charlier, Laurent"]
[Black "De Bock, Lennart"]
[Result "0-1"]
[WhiteElo "1953"]
[BlackElo "2056"]
[PlyCount "150"]
[EventDate "2009.07.04"]
[EventType "swiss"]
[EventRounds "9"]
[EventCountry "BEL"]
[SourceTitle "EXT 2010"]
[Source "ChessBase"]
[SourceDate "2010.11.25"]
[SourceVersion "1"]
[SourceVersionDate "2010.11.25"]
[SourceQuality "1"]

1. Nf3 Nf6 2. b3 d5 3. d4 Bg4 4. e3 e6 5. Bb2 Ne4 6. Bd3 Nd7 7. 0-0 c5 8. c4 Ng5 9. Nbd2 cxd4 10. exd4 Bb4 11. Be2 Nxf3+ 12. Bxf3 Bxf3 13. Nxf3 Nf6 14. a3 Be7 15. Ne5 a5 16. Qf3 0-0 17. c5 Ne4 18. Qd3 Bf6 19. f3 Bxe5 20. fxe4 dxe4 21. Qxe4 Bf6 22. Qg4 h5 23. Qe4 Qe7 24. a4 Rad8 25. Rad1 Rd5 26. Rd3 Rfd8 27. Rfd1 b6 28. cxb6 Qb7 29. Qf3 Qxb6 30. Kh1 Bxd4 31. Bxd4 Rxd4 32. h3 Rxd3 33. Rxd3 Rxd3 34. Qxd3 Kf8 35. Qd7 g6 36. Qc8+ Ke7 37. Qc3 f6 38. h4 e5 39. Qc4 f5 40. Qg8 e4 41. Qg7+ Kd8 42. Qg8+ Kc7 43. Qf7+ Kc8 44. Qe8+ Kb7 45. Qd7+ Qc7 46. Qd5+ Ka7 47. Qd4+ Kb8 48. Qh8+ Kb7 49. Qh6 Qd6 50. Qe3 Qd1+ 51. Kh2 Qd6+ 52. Kh1 Qd3 53. Qc5 e3 54. Qe7+ Kc6 55. Qe6+ Kc5 56. Qe7+ Kd4 57. Qf6+ Ke4 58. Qc6+ Qd5 59. Qc2+ Kf4 60. Kh2 Ke5 61. Qc7+ Kd4 62. Qb6+ Ke4 63. Qa6 Qxb3 64. Qc6+ Kd3 65. Kg3 e2 66. Kf2 e1Q+ 67. Kxe1 Qc3+ 68. Qxc3+ Kxc3 69. Kf2 Kb4 70. Kf3 Kxa4 71. Kf4 Kb5 72. Kg5 a4 73. Kxg6 a3 74. Kxh5 a2 75. Kg5 a1Q 0-1

[Event "BEL-ch op"]
[Site "Namur"]
[Date "2009.07.10"]
[Round "7"]
[White "Roos, Adrian"]
[Black "Charlier, Laurent"]
[Result "1-0"]
[WhiteElo "2054"]
[BlackElo "1953"]
[PlyCount "91"]
[EventDate "2009.07.04"]
[EventType "swiss"]
[EventRounds "9"]
[EventCountry "BEL"]
[SourceTitle "EXT 2010"]
[Source "ChessBase"]
[SourceDate "2010.11.25"]
[SourceVersion "1"]
[SourceVersionDate "2010.11.25"]
[SourceQuality "1"]

1. d4 d5 2. c4 e5 3. dxe5 d4 4. Nf3 Nc6 5. a3 Nge7 6. b4 Bg4 7. Nbd2 Ng6 8. Qa4 Qe7 9. Bb2 Bd7 10. Qb3 Ncxe5 11. Bxd4 0-0-0 12. e3 Bc6 13. Nxe5 Nxe5 14. Qc3 Ng4 15. Nf3 h5 16. Be2 Rh6 17. h3 Nf6 18. b5 Bxf3 19. Bxf3 Ne4 20. Qa5 a6 21. bxa6 Rxa6 22. Qf5+ Re6 23. Bxe4 Rxd4 24. Bd5 Rxd5 25. cxd5 g6 26. Qd3 Ra6 27. 0-0 g5 28. Rfd1 g4 29. hxg4 hxg4 30. Qf5+ Qd7 31. Qxd7+ Kxd7 32. a4 Rg6 33. g3 b6 34. a5 bxa5 35. Rxa5 Bd6 36. Rd4 f5 37. Ra8 Ke7 38. Rc4 Kf6 39. Re8 Kg5 40. Rc6 Rf6 41. Ra6 Rf7 42. Re6 Rd7 43. Ra8 Rf7 44. Rg8+ Kh5 45. Rgg6 Bf8 46. Rgf6 1-0

[Event "BEL-ch op"]
[Site "Namur"]
[Date "2007.07.01"]
[Round "2.12"]
[White "Verspecht, Thierry"]
[Black "Charlier, Laurent"]
[Result "1-0"]
[WhiteElo "2070"]
[BlackElo "1805"]
[PlyCount "97"]
[EventDate "2007.06.30"]
[EventType "swiss"]
[EventRounds "9"]
[EventCountry "BEL"]
[SourceTitle "CBM 119 Extra"]
[Source "ChessBase"]
[SourceDate "2007.09.04"]
[SourceVersion "1"]
[SourceVersionDate "2007.09.04"]
[SourceQuality "1"]

1. d4 c5 2. e4 cxd4 3. Nf3 e5 4. c3 Nf6 5. Bc4 Qc7 6. Qb3 d5 7. exd5 a6 8. a4 d3 9. 0-0 e4 10. Re1 Be7 11. Ng5 0-0 12. Nxe4 Ng4 13. Ng3 Bc5 14. Be3 Bxe3 15. fxe3 Bf5 16. Nd2 h5 17. Nf3 Bg6 18. Rad1 Qc5 19. Qb4 Qa7 20. Nd4 h4 21. Ngf5 Bxf5 22. Nxf5 g6 23. Nd4 Nd7 24. Bxd3 Nc5 25. Nf3 f5 26. Qd4 b6 27. d6 Nxd3 28. Rxd3 Nf6 29. Ng5 b5 30. Qxh4 Qd7 31. Qd4 Rac8 32. axb5 axb5 33. Red1 Rc4 34. Qe5 Rg4 35. Qe6+ Kh8 36. Qxd7 Nxd7 37. Nf3 Re4 38. Kf2 Kg7 39. Rd4 Kh6 40. Ke2 Rfe8 41. Rxe4 fxe4 42. Nd4 Re5 43. Nc6 Rc5 44. Ne7 Re5 45. Rd5 Kg7 46. Rxe5 Nxe5 47. Nd5 Kf7 48. b3 Nd3 49. d7 1-0